000 00661nam a22001937a 4500
005 20251108171229.0
008 250721s1992 xx 000 0 ara d
082 1 4 _aم/216.8/حسن
100 1 _aحسن، يوسف علي محمود
245 1 0 _aالأركان المادية و الشرعية لجريمة القتل العمد و أجزيتها المقررة في الفقه الإسلامي /
264 1 _aعمان :
_bدار الفكر للنشر و التوزيع،
_c1992.
300 _a2مج
650 1 7 _aالإسلام
650 1 7 _aالفقه
650 1 7 _aالعقوبات
650 1 7 _aالقتل
942 _2ddc
_cREF
999 _c59952
_d59952